000 00827nam a2200217Ii 4500
003 JO-AjNU
008 230605s9999||||xx |||||||||||||| ||und||
017 _a1994/4599
020 _a977-05-1363-6
040 _aJO-AjNU
_bara
_erda
_cJO-AjNU
041 _aara
050 1 4 _aDS208.A2822 1996
100 3 _aأبو العلا، محمود طه,
_eauthor
_914505
245 0 0 _aجغرافية شبه جزيرة العرب: دراسة جغرافية عامة، الجزء الأول
264 3 1 _aالقاهرة: مكتبة الانجلو المصرية، 1996
300 _aج1، 368ص
336 _atext
_btxt
_2rdacontent
337 _aunmediated
_bn
_2rdamedia
338 _avolume
_bnc
_2rdacarrier
650 4 _aشبه الجزيرة العربية - جغرافيا - شبه الجزيرة العربية - رحلات
_914506
999 _aA3884
_c7452
_d7452